00375 a2200109 4500001001000000005001700010008004100027245010000068100001700168773006300185999001700248ART_3043720260410162004.0260409a 10aLa enseñanza de las finanzas públicas en las facultades de ciencias económicas argentinas1 aMacon, Jorge0 tBoletín Informativo ASAPg- Nº 19 (jun. 1988)wREV30391 c31523d31523